000
00152nam a22000857a 4500
082
_a
823
100
_a
SUNITHA JAIN
245
_a
THE MANGO TREE
942
_c
BK
999
_c
8402
_d
8402